000 00504nam a2200181Ia 4500
008 240925s9999 xx 000 0 und d
020 _a9788184874228
082 _a621.3815 VAS
100 _aVasudevan, Shriram K.; Raviganesan, Sumana
245 0 _aIntegrated Electronics
250 _aNA
260 _aNew Delhi:
_bNarosa Publishing House
_c,2015.
300 _aVarious pages
_b0
_fPhotocopy
500 _aIncludes Index
600 _aElectronic Engineering
650 _aTechnology
942 _cBK
999 _c13603
_d13603